STN EN 1466 Výrobky určené na starostlivosť o deti prenosné tašky a stojany : bezpečnostné požiadavky a skúšobné metódy

Bibliographic Details
Format: Book
Language:Undetermined
Published: Bratislava Slovenský ústav technickej normalizácie 2004
Edition:[1.vyd.]
Subjects:

MARC

LEADER 00000nam a2200000 a 4500
001 vtls001484900
003 SK-MaSNL
005 20260301015223.0
008 130607s2004 xo 0 und
035 |a SNK000440194 
040 |a SNK  |b slo  |c SNK  |e AACR2 
044 |a xo  |c SK 
245 1 |a STN EN 1466 Výrobky určené na starostlivosť o deti  |b prenosné tašky a stojany : bezpečnostné požiadavky a skúšobné metódy 
250 |a [1.vyd.] 
260 |a Bratislava  |b Slovenský ústav technickej normalizácie  |c 2004 
500 |a Norma je nahradená normou STN EN 1466+A1 z mája 2008 
655 7 |a normy  |2 SNK  |9 70643 
774 1 8 |t STN EN 1466+A1: 2008  |d Bratislava : Slovenský ústav technickej normalizácie, 2008  |w vtls009337107 
999 |c 560321  |d 562251 
952 |t P60, <03>, [BOOK], {603}  |a SNK  |b SNK  |y PREZ  |7 0  |p 17A0449546  |o snkSTN EN 1466  |i snkN 4656/2004  |0 0  |1 0  |4 0  |d 2004-11-05  |l 0  |r 2005-01-02 00:00:00  |w 2026-02-23 
952 |t P66, <07>, [BOOK], {667}  |a SNK  |b SNK  |y PREZ  |7 0  |p 17A0449547  |o snkSTN EN 1466 D1  |i snkN 4657/2004  |0 0  |1 0  |4 0  |d 2004-11-05  |l 0  |r 2005-01-02 00:00:00  |w 2026-02-23